Quiz di cultura generale #19 - Statistics

Statistiche generali
  • Questo quiz è stato fatto 1.226 volte
  • Il punteggio medio è 11 su 20
Statistiche sulle risposte
DOMANDA RISPOSTA % Corretto
Con quale paese la Germania firmò il Patto d'Acciaio nel 1939? Italia
89%
La Jugoslavia si trovava nella Penisola dei... Balcani
84%
Unico metallo liquido a temperatura ambiente Mercurio
84%
Qual è il più duro materiale che si trova in natura? Diamante
80%
Dea romana dell'amore e della bellezza Venere
78%
Primo film disney (anche famosa fiaba) Biancaneve
75%
Pane in francese Pain
71%
Nome del dio del sole egizio Ra
71%
Quale elemento (anche metallo), che inizia con la C, è usato per fare i pigmenti blu? Cobalto
60%
Quale libro è stato il predecessore de "Il signore degli anelli"? Lo Hobbit/Hobbit
59%
Quale rock band si abbrevia con GNR? Guns N' Roses
53%
Quale documento religioso deve memorizzare una persona per diventare un "hafiz"? Corano
48%
Quale stato Usa non presenta le lettere m,a,c,k,e,r,e,l? Ohio
47%
Filosofo che scrisse "La Repubblica" Platone
43%
Una lingua parlata SOLO in Svizzera Romancio
32%
Quanti anni durò la guerra dei Cent'anni? 116
30%
Capitale del Laos Vientiane
24%
In quale isola si trova la città di Sapporo? Hokkaido
22%
All'epoca era nota come Stalingrado, oggi? Volgograd
15%
Il secondo stato dell'America (dopo gli Usa) ad aver ottenuto l'indipendenza (1804)? Haiti
8%
Nessun quiz corrispondente trovato
Distribuzione punteggi
Percentuale di utenti per punteggio
Percentile per numero di risposta
I tuoi punteggi nel tempo
Non hai fatto questo quiz